000 00475nam a2200169Ia 4500
003 GCL
008 140319s9999 xx 000 0 eng d
040 _aGCL /
_cGCL
082 0 4 _a330.91724
_bW W
100 1 _aTHE WORLD BANK
245 1 0 _aWORLD DEVELOPMENT REPORT 1980 /
_cTHE WORLD BANK
260 _a[S.N] :
_bTHE WORLD BANK ،
_c1980
300 _a166 P
650 0 4 _aUNDERDEVELOPMENT AREAS - PERIODICALS
650 0 4 _aECONOMIC DEVELOPMENT - PERIOD
942 _2ddc
_cBK
999 _c14798
_d14798